000 01114nam a2200337 a 4500
001 vtls000297241
003 NLI
005 20230417051517.0
008 101203s1998 ii 000 0 eng
020 _cRs. 175.00
_qhbk.
040 0 _aNLI
_beng
_cEnglish Processing Division
_eAACR2
041 0 _aeng
044 _aii
082 0 4 _223rd ed.
_a954.04
_bR 529
100 1 _aRizvi, Syed Sifarish Husain,
_d1907-1976
_9463081
245 1 0 _aPartition :
_bend product of the trend /
_cSyed Sifarish Husain Rizvi
260 _aPatna :
_bKhuda Baksh Oriental Public Library,
_c1998
300 _axxxvi, 256 p. ;
_c22 cm.
500 _aLibrary has 2 cops.
504 _aBibliography : p. 255-256
651 0 _aIndia
_xHistory
_yBritish occupation, 1765-1947
_9199528
651 0 _aIndia
_xHistory
_yPartition, 1947
651 0 _aIndia
_xPolitics and government
_y1765-1947
_95966
710 2 _aKhuda Bakhsh Oriyantal Pablik Laibreri
_9463082
887 _a pintukumar
887 _aPallab Paul
901 _aDB85767
_b6.6.2002
902 _aE 954.04 R 529
942 _2ddc
_cBKS
949 _6DBA000085767ENG
999 _c257516
_d257516